<?xml version="1.0" encoding="UTF-8"?>
<record
    xmlns:xsi="http://www.w3.org/2001/XMLSchema-instance"
    xsi:schemaLocation="http://www.loc.gov/MARC21/slim http://www.loc.gov/standards/marcxml/schema/MARC21slim.xsd"
    xmlns="http://www.loc.gov/MARC21/slim">

  <leader>02862nam a2200289 a 4500</leader>
  <controlfield tag="001"> </controlfield>
  <controlfield tag="003">DO-SdBNP</controlfield>
  <controlfield tag="005">20240209104124.0</controlfield>
  <controlfield tag="008">090701s2023    dr  001 0cspa d</controlfield>
  <datafield tag="020" ind1=" " ind2=" ">
    <subfield code="a">9789945187298</subfield>
  </datafield>
  <datafield tag="040" ind1=" " ind2=" ">
    <subfield code="a">DO-SdBNP</subfield>
    <subfield code="b">spa</subfield>
    <subfield code="c">BPMSU </subfield>
  </datafield>
  <datafield tag="082" ind1=" " ind2="4">
    <subfield code="a">Cu861.6  </subfield>
    <subfield code="b">B928c 2023</subfield>
    <subfield code="2">22</subfield>
  </datafield>
  <datafield tag="100" ind1="1" ind2=" ">
    <subfield code="a"> Buesa, Jos&#xE9; Angel, </subfield>
    <subfield code="d">1910-1982. </subfield>
  </datafield>
  <datafield tag="245" ind1="1" ind2="0">
    <subfield code="a">Canto a Duarte /</subfield>
    <subfield code="c">Jos&#xE9; &#xC1;ngel Buesa ; edici&#xF3;n y pr&#xF3;logo de Luis Beiro &#xC1;lvarez </subfield>
  </datafield>
  <datafield tag="260" ind1=" " ind2=" ">
    <subfield code="a">Santo Domingo :</subfield>
    <subfield code="b">Comisi&#xF3;n Permanente de Efem&#xE9;rides Patrias,</subfield>
    <subfield code="c">2023</subfield>
  </datafield>
  <datafield tag="300" ind1=" " ind2=" ">
    <subfield code="a">85 p. ;</subfield>
    <subfield code="c">23 cm.</subfield>
  </datafield>
  <datafield tag="504" ind1=" " ind2=" ">
    <subfield code="a">Bibliograf&#xED;a : p. 119-121</subfield>
  </datafield>
  <datafield tag="505" ind1="0" ind2=" ">
    <subfield code="t">Presentaci&#xF3;n --</subfield>
    <subfield code="t">Pr&#xF3;logo --</subfield>
    <subfield code="g">Juan Pablo Duarte --</subfield>
    <subfield code="t">Infancia de Duarte --</subfield>
    <subfield code="t">Adolescencia --</subfield>
    <subfield code="t">Pasos que di&#xF3; para lograr la liberaci&#xF3;n de la Patria --</subfield>
    <subfield code="t">Duarte y la reforma --</subfield>
    <subfield code="t">Regreso de Duarte --</subfield>
    <subfield code="t">Duarte sale deportado --</subfield>
    <subfield code="t">Reflexiones sobre algunas cualidades de Juan Pablo Duarte --</subfield>
    <subfield code="t">Vocaci&#xF3;n de maestro --</subfield>
    <subfield code="t">Capacidad de liderazgo --</subfield>
    <subfield code="t">Su vocaci&#xF3;n religiosa --</subfield>
    <subfield code="t">El patriotismo de Duarte --</subfield>
    <subfield code="t">Duarte y su amor a los libros --</subfield>
    <subfield code="t">Nacionalismo de Duarte --</subfield>
    <subfield code="t">Cartas y otros escritos de Duarte --</subfield>
    <subfield code="t">Algunos pensamientos de Duarte --</subfield>
    <subfield code="t">Himno a Juan Pablo Duarte --</subfield>
    <subfield code="t">Poemas de Duarte --</subfield>
    <subfield code="t">Poes&#xED;a a Duarte --</subfield>
    <subfield code="t">A Duarte --</subfield>
    <subfield code="g">Francisco del Rosario S&#xE1;nchez --</subfield>
    <subfield code="t">Francisco del Rosario S&#xE1;nchez --</subfield>
    <subfield code="t">S&#xE1;nchez y el movimiento La Reforma --</subfield>
    <subfield code="t">Planes del protectorado --</subfield>
    <subfield code="t">Continuaci&#xF3;n de las labores patri&#xF3;ticas --</subfield>
    <subfield code="t">Los Trinitarios y su alianza con los conservadores afrancesados --</subfield>
    <subfield code="t">Los Trinitarios hacia la proclamaci&#xF3;n de la independencia --</subfield>
    <subfield code="t">S&#xE1;nchez y la proclamaci&#xF3;n de independencia --</subfield>
    <subfield code="t">Los conservadores continu&#xE1;n en sus planes de protectorado --</subfield>
    <subfield code="t">Regreso de Duarte --</subfield>
    <subfield code="t">Expulsi&#xF3;n de los Trinitarios --</subfield>
    <subfield code="t">Facetas de la vida de Francisco del Rosario S&#xE1;nchez --</subfield>
    <subfield code="t">Infancia y adolescencia --</subfield>
    <subfield code="t">S&#xE1;nchez y algunas decepciones de su vida --</subfield>
    <subfield code="t">Su vida familiar --</subfield>
    <subfield code="t">S&#xE1;nchez y su liderazgo --</subfield>
    <subfield code="t">Ejemplo que leg&#xF3; S&#xE1;nchez a los dominicanos --</subfield>
    <subfield code="t">Opiniones sobre S&#xE1;nchez --</subfield>
    <subfield code="t">Himno a Francisco del Rosario S&#xE1;nchez --</subfield>
    <subfield code="t">Poema a S&#xE1;nchez --</subfield>
    <subfield code="t">Poes&#xED;a de un autor an&#xF3;nimo --</subfield>
    <subfield code="g">Ram&#xF3;n Mat&#xED;as Mella --</subfield>
    <subfield code="t">Ram&#xF3;n Mat&#xED;as Mella --</subfield>
    <subfield code="t">La noche del 27 de febrero. El trabucazo --</subfield>
    <subfield code="t">Mella proclama a Duarte --</subfield>
    <subfield code="t">Golpe de Estado de Santana. Destino de Mella --</subfield>
    <subfield code="t">Mella y la Revoluci&#xF3;n del 1857 --</subfield>
    <subfield code="t">Mella y la anexi&#xF3;n de 1861 --</subfield>
    <subfield code="t">Facetas de la vida de Mella --</subfield>
    <subfield code="t">Mella y las t&#xE1;cticas militares --</subfield>
    <subfield code="t">Himno a Mat&#xED;as Ram&#xF3;n Mella --</subfield>
    <subfield code="t">Poemas dedicadas a Mella --</subfield>
    <subfield code="t">Poes&#xED;a a Mella --</subfield>
    <subfield code="t">Grito de Redenci&#xF3;n --</subfield>
    <subfield code="t">Vocabulario --</subfield>
    <subfield code="t">Bibliograf&#xED;a</subfield>
  </datafield>
  <datafield tag="590" ind1=" " ind2=" ">
    <subfield code="a">Inventariado, 2023/VM</subfield>
  </datafield>
  <datafield tag="600" ind1="1" ind2="4">
    <subfield code="a">Duarte, Juan Pablo,   </subfield>
    <subfield code="d">1813-1876</subfield>
    <subfield code="v">Poes&#xED;a</subfield>
  </datafield>
  <datafield tag="650" ind1=" " ind2="4">
    <subfield code="a">Poes&#xED;a cubana </subfield>
  </datafield>
  <datafield tag="650" ind1=" " ind2="4">
    <subfield code="a">Literatura cubana </subfield>
  </datafield>
  <datafield tag="700" ind1="1" ind2=" ">
    <subfield code="a">Beiro &#xC1;lvarez, Luis </subfield>
    <subfield code="e">pr&#xF3;logo</subfield>
  </datafield>
  <datafield tag="710" ind1="2" ind2=" ">
    <subfield code="a">Comisi&#xF3;n Permanente de Efem&#xE9;rides Patria (Rep&#xFA;blica Dominicana)</subfield>
  </datafield>
  <datafield tag="910" ind1=" " ind2=" ">
    <subfield code="a">VMateo V. Cotrol de calidad. BPMSU</subfield>
  </datafield>
  <datafield tag="942" ind1=" " ind2=" ">
    <subfield code="2">ddc</subfield>
    <subfield code="c">BK</subfield>
  </datafield>
  <datafield tag="952" ind1=" " ind2=" ">
    <subfield code="0">0</subfield>
    <subfield code="1">0</subfield>
    <subfield code="2">ddc</subfield>
    <subfield code="4">0</subfield>
    <subfield code="7">0</subfield>
    <subfield code="8">CD</subfield>
    <subfield code="a">BPMET</subfield>
    <subfield code="b">BPMET</subfield>
    <subfield code="d">2024-02-09</subfield>
    <subfield code="l">0</subfield>
    <subfield code="o">BPMSU CD Cu861.6 B928c 2023</subfield>
    <subfield code="p">BPMSU24020021</subfield>
    <subfield code="r">2024-02-09</subfield>
    <subfield code="w">2024-02-09</subfield>
    <subfield code="y">BK</subfield>
  </datafield>
  <datafield tag="952" ind1=" " ind2=" ">
    <subfield code="0">0</subfield>
    <subfield code="1">0</subfield>
    <subfield code="2">ddc</subfield>
    <subfield code="4">0</subfield>
    <subfield code="7">0</subfield>
    <subfield code="8">CD</subfield>
    <subfield code="a">BPMET</subfield>
    <subfield code="b">BPMET</subfield>
    <subfield code="d">2024-02-09</subfield>
    <subfield code="l">0</subfield>
    <subfield code="o">BPMSU CD Cu861.6 B928c 2023</subfield>
    <subfield code="p">BPMSU25050107</subfield>
    <subfield code="r">2025-05-29</subfield>
    <subfield code="t">e.2</subfield>
    <subfield code="w">2024-02-09</subfield>
    <subfield code="y">BK</subfield>
  </datafield>
  <datafield tag="999" ind1=" " ind2=" ">
    <subfield code="c">14564</subfield>
    <subfield code="d">14564</subfield>
  </datafield>
</record>
